Vocabulari de les ciències de la salut (Registre núm. 67445)

MARC details
000 -LEADER
campo de control de longitud fija 01023amm a2200397a 44500
008 - DATOS DE LONGITUD FIJA--INFORMACIÓN GENERAL
campo de control de longitud fija 190412s2019 cat
017 ## - NÚMERO DE COPYRIGHT O DE DEPÓSITO LEGAL
Número de copyright o de depósito legal V-171-2019
020 ## - NÚMERO INTERNACIONAL ESTÁNDAR DEL LIBRO
Número Internacional Estándar del Libro 9788448263218
041 ## - CÓDIGO DE IDIOMA
Código de lengua del texto/banda sonora o título independiente cat
041 ## - CÓDIGO DE IDIOMA
Llengües tractades eng
041 ## - CÓDIGO DE IDIOMA
Llengües tractades spa
245 ## - MENCIÓN DEL TÍTULO
Título Vocabulari de les ciències de la salut
245 ## - MENCIÓN DEL TÍTULO
Medio [en línia]
260 ## - PUBLICACIÓN, DISTRIBUCIÓN, ETC.
Lugar de publicación, distribución, etc. València
260 ## - PUBLICACIÓN, DISTRIBUCIÓN, ETC.
Nombre del editor, distribuidor, etc. Acadèmia Valenciana de la Llengua
260 ## - PUBLICACIÓN, DISTRIBUCIÓN, ETC.
Fecha de publicación, distribución, etc. 2019
300 ## - DESCRIPCIÓN FÍSICA
Extensión 534 p.
Dimensiones 20 cm.
490 ## - MENCIÓN DE SERIE
Mención de serie Vocabularis;
Designación de volumen o secuencia 7
500 ## - NOTA GENERAL
Nota general Categoria gramatical
500 ## - NOTA GENERAL
Nota general Índexs
520 ## - RESUMEN, ETC.
Nombre de termes aprox. 4.700
546 ## - NOTA DE IDIOMA
Llengua de les definicions català
591 ## - Codi de font
Codi de font 10758
592 ## - Tipus obra
Tipus d'obra Obra terminològica
593 ## - Codi CGAT
Codi de la CGAT E
594 ## - Número de document
Número de document 10758
650 ## - PUNTO DE ACCESO ADICIONAL DE MATERIA--TÉRMINO DE MATERIA
Término de materia o nombre geográfico como elemento de entrada ciències de la salut
9 (RLIN) 62237
830 ## - PUNTO DE ACCESO ADICIONAL DE SERIE-TÍTULO UNIFORME
Título uniforme Vocabularis;
Designación de volumen o secuencia 7
9 (RLIN) 72861
856 ## - LOCALIZACIÓN Y ACCESO ELECTRÓNICOS
Identificador Uniforme de Recursos <a href="https://www.avl.gva.es/documents/31987/65425/VOCABULARIS_07.pdf">https://www.avl.gva.es/documents/31987/65425/VOCABULARIS_07.pdf</a>
901 ## - ELEMENTOS DE DATOS A LOCAL LDA (RLIN)
c <2019>
902 ## - ELEMENTOS DE DATOS B LOCAL, LDB (RLIN)
a 190412
942 ## - ELEMENTOS DE ENTRADA SECUNDARIOS (KOHA)
Tipo de ítem Koha Monografia
Suprimir en OPAC No
Fuente del sistema de clasificación o colocación Clasificación Decimal Dewey
Fons
Estatus retirado Estado de pérdida Fuente del sistema de clasificación o colocación Estado de daño No para préstamo Biblioteca de origen Biblioteca actual Fecha de adquisición Total de préstamos Signatura topográfica completa Código de barras Visto por última vez Precio de reemplazo Tipo de ítem Koha Identificador Uniforme de Recursos
    ddc     TERMCAT TERMCAT 12/04/2019   E 78 16522 30/09/2021 30/09/2021 MO  
    ddc     TERMCAT TERMCAT 12/04/2019   Biblioteca electrònica P_68412 29/11/2022 29/11/2022 MO https://www.avl.gva.es/documents/31987/65425/VOCABULARIS_07.pdf